00819nam a2200145Ia 4500003000900000005001700009008004100026040003100067040001300098100002200111245003500133260004800168300001800216520043900234IT-RoPAU20220918175428.0120407s9999 xx 000 0 und d aIT-RoPAUc20130628091529.0 cIT-RoPAU aDe Simone, Angelo aIo, Miryam, la madre di Gesù aCinisello BalsamobEdizioni San Paoloc1999 c18 cma80 pp. aIndice 1. Miryam 2. Alla fontana 3. Il mio cantico d'amore 4. Io, sposa 5. Amata gratuitamente 6. Io, madre 7. Ancora un angelo 8. Le nostre nozze 9. Dio è Madre 10. Verso la grotta 11. Il Figlio di Dio tra le mie braccia 12. La profezia 13. I Sapienti dall'Oriente 14. La prima Pasqua di Gesù 15. Con Gesù e Giuseppe 16. Gesù è il vino buono 17. Vi dico chi è mio figlio 18. Dopo la croce, la risurrezione e l'annuncio